000 00322nam a22001457a 4500
008 230704b xxu||||| |||| 00| 0 eng d
020 _a0421878207
082 _a340
_bCAR
100 _cPeter Carey
245 _aMedia Law
260 _bSweet & Maxwell
_c2004
300 _a450p
700 _cJo Sanders
942 _2ddc
_cBK
999 _c3660
_d3660